LEADER 01329nam a2200313 a 4500 001 000000140675 003 CaOOAMICUS 005 20141202095743.0 008 141202s2006 it 001 0 ita r 020 $z8881013452* 040 $aPUL$bita 082 04$a342.0852 100 1 $aTolone, Salvatore.$0(OLS)http://pul/name/90681 245 10$aDiritto privato globale, objective pluralism e libertą di religione /$cSalvatore Tolone. 260 $aCosenza :$bLuigi Pellegrini,$c[2006] 300 $a175 p. ;$c22 cm 490 1 $aDiritto e religioni ;$v04 504 $aBibliografia in nota. 650 4$aLibertą religiosa.$0(OLS)http://pul/subject/762 830 0$aDiritto e religioni ;$v04.$0(OLS)http://pul/title/137314 850 $aPUL 852 $aPUL$W1$xSL Diritto e Scienze Sociali 3$y79$m342. 0852 COLL 1.4$j162479$qDDC 21$B162026$CPULBib$Z2$F162026 $H124998 $82 941 1 $a9 960 $aLibertą di culto$xConvenzioni internazionali $9762 996 $6020$z8881013452*$9(OLS)http://pul/number/156382 996 $6082$a342.0852$9(OLS)http://pul/classification/424 996 $6245$aDiritto privato globale, objective pluralism e libertą di religione$9(OLS)http://pul/title/178025 996 $6260$aCosenza :$bLuigi Pellegrini$9(OLS)http://pul/publisher/72408 LEADER 01470nam a2200313 a 4500 001 000000170396 003 CaOOAMICUS 005 20200203120905.0 008 181112s2018 it u000 u ita r 032 $aLibriCat 040 $aPUL$bita 082 04$a346.45 100 1 $aPerlingieri, Pietro,$d1937-$0(OLS)http://pul/name/29045 245 10$aManuale di diritto civile /$cPietro Perlingieri ; con la collaborazione di A. Alpini ... [et al.]. 250 $a9. ed. interamente riveduta e integrata con indicazioni giurisprudenziali. 260 $aNapoli :$bEdizioni scientifiche italiane,$c©2018. 300 $aXXIII, 1265 p. ;$c25 cm. 500 $aContiene indici. 504 $aBibliografia in nota. 650 4$aDiritto civile$zItalia$vManuali.$0(OLS)http://pul/subject/34129 700 1 $aAlpini, Arianna.$0(OLS)http://pul/name/109620 850 $aPUL 852 $aPUL$W1$xSL Diritto e Scienze Sociali 3$y79$m346. 45 PERPI 1B$j197105$qDDC 21$B201893$CPULBib$Z2$F201893 $H133918 $82 852 $aPUL$W1$xSL Diritto e Scienze Sociali 3$y79$m346. 45 PERPI 1$j193284$qDDC 21$B198706$CPULBib$Z2$F198706 $H131582 $81 941 1 $a9 996 $6082$a346.45$9(OLS)http://pul/classification/372 996 $6245$aManuale di diritto civile$9(OLS)http://pul/title/151584 996 $6260$aNapoli :$bEdizioni scientifiche italiane$9(OLS)http://pul/publisher/48388